Effective computation in physics: field guide research with python
Guardat en:
| Autors principals: | , |
|---|---|
| Format: | Llibre |
| Idioma: | anglès |
| Publicat: |
Sebastopol
O'Reilly Media
2015
|
| Edició: | 1a. ed |
| Matèries: | |
| Etiquetes: |
Afegir etiqueta
Sense etiquetes, Sigues el primer a etiquetar aquest registre!
|
MARC
| LEADER | 00000cam a2200000 a 4500 | ||
|---|---|---|---|
| 001 | UCC0187 | ||
| 003 | CL-VaPUC | ||
| 005 | 20241001113450.0 | ||
| 008 | 170721e20150600us |||||||||||||||||eng|d | ||
| 999 | |c 369094 |d 369092 | ||
| 020 | |a 9781491901533 | ||
| 040 | |c Pontificia Universidad Católica de Valparaíso | ||
| 082 | 0 | 4 | |a 519.5 |b SCO |2 21 |
| 100 | 0 | |a Scopatz, Anthony |e author |9 594094 | |
| 245 | 1 | 0 | |a Effective computation in physics: field guide research with python |
| 250 | |a 1a. ed | ||
| 260 | |a Sebastopol |b O'Reilly Media |c 2015 | ||
| 300 | |a 520 p | ||
| 583 | |a last modification |c 20170721 23:47:00 |k Rodrigo Vera | ||
| 650 | 0 | |a Línea de Comandos |9 259776 |x Shell |x Bash | |
| 650 | 0 | |a Programación con Python |9 259458 | |
| 650 | 7 | |a Estructura de datos |2 CL-VaPUC |9 410670 | |
| 650 | 0 | |a Programación Orientada a Objetos |9 549843 | |
| 650 | 0 | |a Biblioteca NumPy |9 891866 | |
| 650 | 0 | |a Construcción de Software |9 891867 | |
| 650 | 0 | |a Control de Versiones |x Git |9 891868 | |
| 650 | 0 | |a Pruebas de Software |9 891869 | |
| 650 | 0 | |a Documentación |9 891870 | |
| 650 | 0 | |a Licencias |x Derechos de Autor |9 891871 | |
| 700 | 0 | |a Huff, Kathryn D |e author |9 594095 | |
| 942 | |c BK |2 ddc | ||
| 945 | |d 20170721 23:47:00 |a arojas | ||
| 952 | |0 0 |1 0 |3 erb |4 0 |6 519_500000000000000_SCO_2015 |7 0 |8 A |9 484642 |a BIBCUR |b BIBCUR |i 5409233 |l 6 |m 3 |o 519.5 SCO 2015 |p 5409233 |r 2025-04-22 |s 2023-10-18 |w 2019-11-24 |y BK |z Catalogado en:20170721 |k FIS | ||
| 952 | |0 0 |1 0 |3 erb |4 0 |6 519_500000000000000_SCO_2015 |7 0 |8 A |9 484643 |a BIBCUR |b BIBCUR |i 5409241 |l 5 |m 1 |o 519.5 SCO 2015 |p 5409241 |r 2025-04-22 |s 2023-08-08 |w 2019-11-24 |y BK |z Catalogado en:20170721 |k FIS | ||
| 952 | |0 0 |1 0 |3 erb |4 0 |6 519_500000000000000_SCO_2015 |7 0 |8 A |9 484644 |a BIBCUR |b BIBCUR |i 540925K |l 2 |m 2 |o 519.5 SCO 2015 |p 540925K |r 2025-04-22 |s 2022-11-15 |w 2019-11-24 |y BK |z Catalogado en:20170721 |k FIS | ||